[Event "GER-ch Seniors 65 36th"]
[Site "Bad Wildungen"]
[Date "2024.08.28"]
[Round "6"]
[White "Gries, Volker"]
[Black "Klundt, Klaus"]
[Result "0-1"]
[WhiteElo "2012"]
[BlackElo "2264"]
[PlyCount "68"]
[EventDate "2024.08.25"]
[EventType "swiss"]
[EventRounds "9"]
[EventCountry "GER"]
[SourceTitle "CB36_2024"]
[SourceDate "2024.09.04"]
[SourceVersion "1"]
[SourceVersionDate "2024.09.04"]
[SourceQuality "1"]

1. e4 c5 2. Nf3 e6 3. d3 Nc6 4. g3 g6 5. Bg2 Bg7 6. 0-0 Nge7 7. c3 0-0 8. Be3 b6 9. d4 cxd4 10. Nxd4 Bb7 11. Qd2 d5 12. exd5 Nxd5 13. Nxc6 Bxc6 14. Bh6 Ne7 15. Bxg7 Kxg7 16. Rd1 Bxg2 17. Kxg2 Qc7 18. Qe2 Qc6+ 19. Qf3 Rad8 20. Qxc6 Nxc6 21. Na3 Kf6 22. Nc4 Ke7 23. Kf1 e5 24. a4 Ke6 25. Ke2 f5 26. f3 h5 27. Rxd8 Rxd8 28. Rd1 Rxd1 29. Kxd1 g5 30. Ke2 g4 31. b4 Ne7 32. fxg4 hxg4 33. Kd3 Nd5 34. Nd2 e4+ 0-1

[Event "Rhein Main op-A 24th"]
[Site "Bad Homburg"]
[Date "2022.06.16"]
[Round "3"]
[White "Gries, Volker"]
[Black "Arugadoss, Bharath"]
[Result "1-0"]
[WhiteElo "2062"]
[BlackElo "1762"]
[PlyCount "65"]
[EventDate "2022.06.15"]
[EventType "swiss"]
[EventRounds "7"]
[EventCountry "GER"]
[SourceTitle "EXT 2023"]
[Source "ChessBase"]
[SourceDate "2022.10.05"]
[SourceVersion "1"]
[SourceVersionDate "2022.10.05"]
[SourceQuality "1"]

1. e4 Nf6 2. e5 Nd5 3. d4 d6 4. Nf3 Bg4 5. Be2 e6 6. 0-0 Be7 7. c4 Nb6 8. exd6 cxd6 9. Be3 0-0 10. Nc3 d5 11. c5 N6d7 12. b4 f5 13. Bf4 g5 14. Bxb8 Rxb8 15. Nd2 Nf6 16. Bxg4 Nxg4 17. Qe2 Rf6 18. Nf3 Rg6 19. h3 Nh6 20. Ne5 Rf6 21. a4 Nf7 22. Rfe1 Nxe5 23. Qxe5 Kf7 24. Nb5 a6 25. Nc7 Qc8 26. Nxd5 exd5 27. Qxe7+ Kg6 28. Re5 Qc6 29. Rae1 Rbf8 30. Re6 Qxa4 31. Qxf8 Rxe6 32. Rxe6+ Kh5 33. Qh6# 1-0

[Event "DSOL 02 Liga Gr-D 1st"]
[Site "Playchess.com INT"]
[Date "2020.07.21"]
[Round "5.4"]
[White "Kasims, Stefans"]
[Black "Gries, Volker"]
[Result "1/2-1/2"]
[WhiteElo "1796"]
[BlackElo "2029"]
[PlyCount "113"]
[EventDate "2020.06.22"]
[EventType "team-tourn (rapid)"]
[EventCountry "GER"]
[SourceTitle "EXT 2021"]
[Source "ChessBase"]
[SourceDate "2020.10.23"]
[SourceVersion "1"]
[SourceVersionDate "2020.10.23"]
[SourceQuality "1"]
[WhiteTeam "Ebersberg Grafing"]
[BlackTeam "Oberursel"]
[WhiteTeamCountry "GER"]
[BlackTeamCountry "GER"]

1. e4 d6 2. Nf3 Nf6 3. Nc3 g6 4. d4 Bg7 5. h4 c6 6. Be3 Nbd7 7. h5 gxh5 8. Qd2 Qa5 9. 0-0-0 b5 10. e5 b4 11. exf6 bxc3 12. fxg7 cxd2+ 13. Bxd2 Qxd2+ 14. Kxd2 Rg8 15. Rxh5 Rxg7 16. Bd3 Nf6 17. Rg5 Kf8 18. Rxg7 Kxg7 19. Re1 e6 20. Rh1 Bd7 21. Ng5 h6 22. Ne4 Nxe4+ 23. Bxe4 Rc8 24. Rh3 c5 25. Ra3 Rc7 26. dxc5 dxc5 27. Kc3 f5 28. Bf3 Bb5 29. Ra5 Bf1 30. g3 Kf6 31. a4 Kg5 32. Kd2 h5 33. Ke1 Bc4 34. b3 Bd5 35. Be2 e5 36. b4 h4 37. gxh4+ Kxh4 38. Rxc5 Rxc5 39. bxc5 Bb7 40. Bb5 Bc8 41. c6 Kg5 42. Kd2 Kf4 43. c7 e4 44. a5 Ke5 45. Kc3 Kd5 46. Kb4 f4 47. Kc3 Kc5 48. Be2 Kd5 49. Bc4+ Kc5 50. Bb3 e3 51. fxe3 fxe3 52. Kd3 Kb5 53. Kxe3 Kxa5 54. Kd4 Kb6 55. Kd5 Kxc7 56. Kc5 Bd7 57. Bd5 1/2-1/2

[Event "Oberliga Ost-B 1920"]
[Site "Germany"]
[Date "2020.02.29"]
[Round "8.8"]
[White "Gries, Volker"]
[Black "Biel, Maik"]
[Result "1/2-1/2"]
[WhiteElo "2079"]
[BlackElo "2085"]
[PlyCount "24"]
[EventDate "2019.09.29"]
[EventType "team-tourn"]
[EventRounds "11"]
[EventCountry "GER"]
[SourceTitle "EXT 2023"]
[Source "ChessBase"]
[SourceDate "2022.10.05"]
[SourceVersion "1"]
[SourceVersionDate "2022.10.05"]
[SourceQuality "1"]
[WhiteTeam "Oberursel"]
[BlackTeam "Liebschwitz"]
[WhiteTeamCountry "GER"]
[BlackTeamCountry "GER"]

1. e4 c5 2. Nf3 e6 3. d3 Nc6 4. g3 Qc7 5. Bg2 b5 6. 0-0 Bb7 7. Re1 d6 8. b3 Nf6 9. Bb2 Be7 10. e5 dxe5 11. Nxe5 0-0 12. Nd2 Nd4 1/2-1/2

[Event "Wiesbaden op 31st"]
[Site "Wiesbaden"]
[Date "2019.08.23"]
[Round "3"]
[White "Euler, Gerd"]
[Black "Gries, Volker"]
[Result "1-0"]
[WhiteElo "2263"]
[BlackElo "2078"]
[PlyCount "65"]
[EventDate "2019.08.22"]
[EventType "swiss"]
[EventRounds "7"]
[EventCountry "GER"]
[SourceTitle "EXT 2020"]
[Source "ChessBase"]
[SourceDate "2019.10.17"]
[SourceVersion "1"]
[SourceVersionDate "2019.10.17"]
[SourceQuality "1"]

1. b3 e5 2. Bb2 d6 3. e3 Nf6 4. Nf3 Be7 5. d3 0-0 6. Nbd2 Nbd7 7. c4 Re8 8. Be2 Bf8 9. 0-0 c6 10. b4 d5 11. cxd5 cxd5 12. Qb3 Qb6 13. a3 h6 14. Rfc1 Qe6 15. Bf1 Bd6 16. e4 Nb6 17. exd5 Nbxd5 18. Re1 Qf5 19. Nc4 Bc7 20. Ncxe5 Be6 21. Nd4 Qh5 22. Nxe6 Rxe6 23. d4 Rae8 24. Bc4 Ng4 25. h3 Bxe5 26. dxe5 Nxe5 27. Bxd5 Nf3+ 28. Bxf3 Rxe1+ 29. Kh2 Qg6 30. Rxe1 Rxe1 31. g3 b6 32. Qc3 Re7 33. Bh5 1-0

[Event "Wiesbaden op 31st"]
[Site "Wiesbaden"]
[Date "2019.08.23"]
[Round "2"]
[White "Gries, Volker"]
[Black "Davidov, Georgi"]
[Result "1-0"]
[WhiteElo "2078"]
[BlackElo "1917"]
[PlyCount "69"]
[EventDate "2019.08.22"]
[EventType "swiss"]
[EventRounds "7"]
[EventCountry "GER"]
[SourceTitle "EXT 2020"]
[Source "ChessBase"]
[SourceDate "2019.10.17"]
[SourceVersion "1"]
[SourceVersionDate "2019.10.17"]
[SourceQuality "1"]

1. e4 e5 2. Nf3 Nf6 3. Nxe5 d6 4. Nf3 Nxe4 5. d4 d5 6. Bd3 Be7 7. 0-0 0-0 8. c4 c6 9. Nc3 Nxc3 10. bxc3 Bg4 11. Bf4 Nd7 12. Re1 dxc4 13. Bxc4 Nb6 14. Bb3 Bf6 15. h3 Bxf3 16. Qxf3 Nd5 17. Be5 Be7 18. Bxd5 cxd5 19. Rab1 Qd7 20. c4 b6 21. Qxd5 Qxd5 22. cxd5 Rfd8 23. Bxg7 Kxg7 24. Rxe7 Rxd5 25. Rc1 Rxd4 26. Rcc7 Rf4 27. g3 Rf6 28. Rxa7 Rc8 29. Re2 Rd6 30. Kg2 Rc3 31. Rb2 Kf6 32. Rb7 Rcc6 33. Rb4 Ke6 34. Rf4 Rc2 35. a4 1-0

[Event "Eschborn op"]
[Site "Eschborn"]
[Date "2018.10.07"]
[Round "5"]
[White "Leck, Gerrit"]
[Black "Gries, Volker"]
[Result "1/2-1/2"]
[WhiteElo "1957"]
[BlackElo "2005"]
[PlyCount "35"]
[EventDate "2018.10.05"]
[EventType "swiss"]
[EventRounds "5"]
[EventCountry "GER"]
[SourceTitle "CBM 187 Extra"]
[Source "ChessBase"]
[SourceDate "2018.11.04"]
[SourceVersion "1"]
[SourceVersionDate "2018.11.04"]
[SourceQuality "1"]

1. e4 d6 2. d4 Nf6 3. Nc3 g6 4. f4 Bg7 5. Nf3 0-0 6. Bd3 Nc6 7. e5 dxe5 8. fxe5 Nh5 9. Be3 Bg4 10. Be2 f6 11. exf6 exf6 12. 0-0 f5 13. Qd2 f4 14. Bf2 Kh8 15. Rad1 Qd7 16. a3 Rae8 17. Rfe1 a6 18. Ng5 1/2-1/2

[Event "Eschborn op"]
[Site "Eschborn"]
[Date "2018.10.06"]
[Round "2"]
[White "Gries, Volker"]
[Black "Graf, Michael"]
[Result "1-0"]
[WhiteElo "2005"]
[BlackElo "1768"]
[PlyCount "61"]
[EventDate "2018.10.05"]
[EventType "swiss"]
[EventRounds "5"]
[EventCountry "GER"]
[SourceTitle "CBM 187 Extra"]
[Source "ChessBase"]
[SourceDate "2018.11.04"]
[SourceVersion "1"]
[SourceVersionDate "2018.11.04"]
[SourceQuality "1"]

1. e4 c5 2. Nf3 e6 3. d3 b6 4. g3 Bb7 5. Bg2 d6 6. 0-0 Qc7 7. b3 Nd7 8. Bb2 Ngf6 9. Re1 Be7 10. Nbd2 0-0 11. Nc4 b5 12. Ne3 Rfe8 13. Nd2 Rad8 14. f4 Nb6 15. Qe2 d5 16. Be5 Qc6 17. exd5 exd5 18. c4 a6 19. Qf1 Qe6 20. Bc7 Qc6 21. Bxd8 Rxd8 22. Nxd5 Nbxd5 23. Rxe7 Nxe7 24. Bxc6 Nxc6 25. Nf3 Nb4 26. Ne1 Kf8 27. Qf2 Rd4 28. a3 Nxd3 29. Nxd3 Rxd3 30. Qxc5+ Kg8 31. Qc7 1-0

[Event "Eschborn op"]
[Site "Eschborn"]
[Date "2018.10.06"]
[Round "3"]
[White "Paeslack, Luis"]
[Black "Gries, Volker"]
[Result "1/2-1/2"]
[WhiteElo "1903"]
[BlackElo "2005"]
[PlyCount "34"]
[EventDate "2018.10.05"]
[EventType "swiss"]
[EventRounds "5"]
[EventCountry "GER"]
[SourceTitle "CBM 187 Extra"]
[Source "ChessBase"]
[SourceDate "2018.11.04"]
[SourceVersion "1"]
[SourceVersionDate "2018.11.04"]
[SourceQuality "1"]

1. d4 Nf6 2. c4 g6 3. Nc3 Bg7 4. Nf3 0-0 5. e4 d6 6. Be2 e5 7. d5 a5 8. Nd2 Na6 9. g4 Ne8 10. Nf1 c6 11. Be3 cxd5 12. cxd5 Nc5 13. h4 f6 14. Qd2 Rf7 15. Ng3 Bd7 16. h5 g5 17. Nf5 Bf8 1/2-1/2

[Event "Wiesbaden op 30th"]
[Site "Wiesbaden"]
[Date "2018.08.24"]
[Round "3"]
[White "Tremoehlen, Thomas"]
[Black "Gries, Volker"]
[Result "1/2-1/2"]
[WhiteElo "1981"]
[BlackElo "2071"]
[PlyCount "28"]
[EventDate "2018.08.23"]
[EventType "swiss"]
[EventRounds "7"]
[EventCountry "GER"]
[SourceTitle "CBM 186 Extra"]
[Source "ChessBase"]
[SourceDate "2018.08.24"]
[SourceVersion "1"]
[SourceVersionDate "2018.08.24"]
[SourceQuality "1"]

1. d4 Nf6 2. Bf4 c5 3. e3 g6 4. Be2 Bg7 5. h4 h5 6. c3 cxd4 7. exd4 d6 8. Nd2 Nbd7 9. Ngf3 0-0 10. Qb3 Nb6 11. Ng5 Bd7 12. Bb5 Bxb5 13. Qxb5 Qd7 14. Qxd7 Nfxd7 1/2-1/2

[Event "Rhein Main op-A 21st"]
[Site "Bad Homburg"]
[Date "2018.06.02"]
[Round "6"]
[White "Gries, Volker"]
[Black "Muehlpfordt, Thomas"]
[Result "1/2-1/2"]
[WhiteElo "2081"]
[BlackElo "1842"]
[PlyCount "32"]
[EventDate "2018.05.30"]
[EventType "swiss"]
[EventRounds "7"]
[EventCountry "GER"]
[SourceTitle "EXT 2019"]
[Source "ChessBase"]
[SourceDate "2018.10.10"]
[SourceVersion "1"]
[SourceVersionDate "2018.10.10"]
[SourceQuality "1"]

1. e4 e5 2. Nf3 Nc6 3. d4 exd4 4. Bc4 Nf6 5. 0-0 Nxe4 6. Re1 d5 7. Bxd5 Qxd5 8. Nc3 Qh5 9. Nxe4 Be6 10. Bg5 Bd6 11. Nxd6+ cxd6 12. Bf4 0-0 13. Nxd4 Qxd1 14. Raxd1 Nxd4 15. Rxd4 Rfc8 16. c3 Bxa2 1/2-1/2

[Event "Rhein Main op-A 21st"]
[Site "Bad Homburg"]
[Date "2018.05.31"]
[Round "3"]
[White "Lesny, Florian"]
[Black "Gries, Volker"]
[Result "1/2-1/2"]
[WhiteElo "2051"]
[BlackElo "2081"]
[PlyCount "30"]
[EventDate "2018.05.30"]
[EventType "swiss"]
[EventRounds "7"]
[EventCountry "GER"]
[SourceTitle "EXT 2019"]
[Source "ChessBase"]
[SourceDate "2018.10.10"]
[SourceVersion "1"]
[SourceVersionDate "2018.10.10"]
[SourceQuality "1"]

1. e4 d6 2. d4 Nf6 3. Nc3 g6 4. Nf3 c6 5. a4 Bg7 6. Be2 0-0 7. 0-0 Qc7 8. h3 e5 9. dxe5 dxe5 10. Be3 Qe7 11. Qb1 a5 12. Nd2 Be6 13. Bc4 Na6 14. Bxe6 Qxe6 15. Qa2 Qxa2 1/2-1/2

[Event "Hessen-chA"]
[Site "Frankfurt"]
[Date "2018.05.13"]
[Round "7"]
[White "Gries, Volker"]
[Black "Bajorski, Marius"]
[Result "1/2-1/2"]
[WhiteElo "2084"]
[BlackElo "1911"]
[PlyCount "33"]
[EventDate "2018.05.10"]
[EventType "swiss"]
[EventRounds "7"]
[EventCountry "GER"]
[SourceTitle "EXT 2019"]
[Source "ChessBase"]
[SourceDate "2018.10.10"]
[SourceVersion "1"]
[SourceVersionDate "2018.10.10"]
[SourceQuality "1"]

1. Nf3 Nf6 2. g3 b5 3. Bg2 Bb7 4. 0-0 e6 5. d3 Be7 6. Nbd2 0-0 7. e4 d6 8. Qe2 Nbd7 9. b3 c5 10. Bb2 Qc7 11. c4 a6 12. Rac1 b4 13. d4 cxd4 14. Nxd4 Nc5 15. f4 Rfe8 16. g4 Nfd7 17. Nc2 1/2-1/2

[Event "Hessen-chA"]
[Site "Frankfurt"]
[Date "2018.05.11"]
[Round "3"]
[White "Gries, Volker"]
[Black "Waffenschmidt, Joachim"]
[Result "1/2-1/2"]
[WhiteElo "2084"]
[BlackElo "1995"]
[PlyCount "44"]
[EventDate "2018.05.10"]
[EventType "swiss"]
[EventRounds "7"]
[EventCountry "GER"]
[SourceTitle "EXT 2019"]
[Source "ChessBase"]
[SourceDate "2018.10.10"]
[SourceVersion "1"]
[SourceVersionDate "2018.10.10"]
[SourceQuality "1"]

1. e4 e6 2. d3 c5 3. Nf3 b6 4. g3 Bb7 5. Bg2 d6 6. 0-0 Nf6 7. b3 Be7 8. Bb2 0-0 9. Nbd2 Nc6 10. Re1 b5 11. e5 Nxe5 12. Nxe5 Bxg2 13. Kxg2 dxe5 14. Bxe5 Nd5 15. Ne4 f6 16. Bb2 f5 17. Nd2 Bf6 18. Bxf6 Qxf6 19. Qe2 Rae8 20. Qe5 f4 21. Qxf6 gxf6 22. a3 fxg3 1/2-1/2

[Event "Eschborn op"]
[Site "Eschborn"]
[Date "2017.10.15"]
[Round "5"]
[White "Krychevskiy, Dmytro"]
[Black "Gries, Volker"]
[Result "1/2-1/2"]
[WhiteElo "1846"]
[BlackElo "1964"]
[PlyCount "21"]
[EventDate "2017.10.13"]
[EventType "swiss"]
[EventRounds "5"]
[EventCountry "GER"]
[SourceTitle "EXT 2019"]
[Source "ChessBase"]
[SourceDate "2018.10.10"]
[SourceVersion "1"]
[SourceVersionDate "2018.10.10"]
[SourceQuality "1"]

1. e4 d6 2. d4 Nf6 3. Nc3 g6 4. Be3 c6 5. Qd2 Qc7 6. f3 Nbd7 7. Bh6 Bxh6 8. Qxh6 b5 9. 0-0-0 b4 10. Nb1 Nb6 11. g4 1/2-1/2

[Event "Eschborn op"]
[Site "Eschborn"]
[Date "2017.10.14"]
[Round "2"]
[White "Gries, Volker"]
[Black "Brueckner, Alexander"]
[Result "1/2-1/2"]
[WhiteElo "1964"]
[BlackElo "1828"]
[PlyCount "34"]
[EventDate "2017.10.13"]
[EventType "swiss"]
[EventRounds "5"]
[EventCountry "GER"]
[SourceTitle "EXT 2019"]
[Source "ChessBase"]
[SourceDate "2018.10.10"]
[SourceVersion "1"]
[SourceVersionDate "2018.10.10"]
[SourceQuality "1"]

1. e4 c5 2. Nf3 e6 3. d3 Nc6 4. g3 Nf6 5. Bg2 Be7 6. 0-0 0-0 7. Re1 d6 8. Nc3 Bd7 9. a4 a6 10. d4 cxd4 11. Nxd4 Rc8 12. Nxc6 Bxc6 13. a5 b6 14. axb6 Qxb6 15. Ra2 Qb7 16. Qe2 Ra8 17. Bd2 Nd7 1/2-1/2

[Event "Eschborn op"]
[Site "Eschborn"]
[Date "2016.09.04"]
[Round "4"]
[White "Gries, Volker"]
[Black "Kolbus, Dietmar"]
[Result "0-1"]
[WhiteElo "2033"]
[BlackElo "2303"]
[PlyCount "77"]
[EventDate "2016.09.02"]
[EventType "swiss"]
[EventRounds "5"]
[EventCountry "GER"]
[SourceTitle "EXT 2018"]
[Source "ChessBase"]
[SourceDate "2017.10.13"]
[SourceVersion "1"]
[SourceVersionDate "2017.10.13"]
[SourceQuality "1"]

1. e4 c6 2. c4 g6 3. Nf3 Bg7 4. Be2 d5 5. exd5 cxd5 6. cxd5 Nf6 7. Qa4+ Nbd7 8. Nc3 0-0 9. 0-0 Nb6 10. Qb3 Nfxd5 11. d4 Be6 12. Qa3 Nxc3 13. bxc3 Qc7 14. Re1 Bd5 15. Qa5 Rfc8 16. Bd2 e6 17. Red1 Qd6 18. Rab1 Bc4 19. Bxc4 Nxc4 20. Qb4 b6 21. Be1 Qd5 22. h4 Rc7 23. Qb3 Rac8 24. Rd3 e5 25. Nd2 e4 26. Rg3 Bh6 27. Nxc4 Rxc4 28. Qd1 Bf4 29. Rh3 Qf5 30. Qb3 h5 31. Rd1 b5 32. Qb1 Qd5 33. Qb3 a6 34. Bd2 Bxd2 35. Rxd2 Qc6 36. d5 Qc5 37. d6 Rd8 38. d7 Qe7 39. Qd1 0-1

[Event "Eschborn op"]
[Site "Eschborn"]
[Date "2016.09.02"]
[Round "1"]
[White "Gries, Volker"]
[Black "Diener, Carolin Valeria"]
[Result "1-0"]
[WhiteElo "2033"]
[BlackElo "1632"]
[PlyCount "47"]
[EventDate "2016.09.02"]
[EventType "swiss"]
[EventRounds "5"]
[EventCountry "GER"]
[SourceTitle "EXT 2018"]
[Source "ChessBase"]
[SourceDate "2017.10.13"]
[SourceVersion "1"]
[SourceVersionDate "2017.10.13"]
[SourceQuality "1"]

1. e4 e5 2. Nf3 Nc6 3. d4 exd4 4. Bc4 Bb4+ 5. c3 dxc3 6. 0-0 h6 7. Qb3 Qe7 8. Nxc3 Bxc3 9. Qxc3 f6 10. Nh4 Ne5 11. Nf5 Qd8 12. Nxg7+ Kf8 13. Nh5 d6 14. Bb3 Bg4 15. Nf4 Qd7 16. h3 h5 17. hxg4 hxg4 18. Ne6+ Ke8 19. Qxc7 Qb5 20. Bf4 Ne7 21. Qxd6 Nf3+ 22. gxf3 gxf3 23. Ng7+ Kf8 24. Qxf6# 1-0

[Event "Rhein Main op-A 19th"]
[Site "Bad Homburg"]
[Date "2016.05.26"]
[Round "2"]
[White "Gries, Volker"]
[Black "Hacker, Jonas"]
[Result "1-0"]
[WhiteElo "2084"]
[BlackElo "2288"]
[PlyCount "123"]
[EventDate "2016.05.25"]
[EventType "swiss"]
[EventRounds "7"]
[EventCountry "GER"]
[SourceTitle "EXT 2017"]
[Source "ChessBase"]
[SourceDate "2016.10.25"]
[SourceVersion "1"]
[SourceVersionDate "2016.10.25"]
[SourceQuality "1"]

1. e4 c5 2. Nf3 d6 3. d4 cxd4 4. Qxd4 a6 5. c4 Nc6 6. Qd1 Nf6 7. Nc3 Bg4 8. Be2 g6 9. Be3 Bxf3 10. Bxf3 Bg7 11. Rc1 Nd7 12. 0-0 0-0 13. Be2 Nc5 14. f3 Rc8 15. Qd2 Ne6 16. Rfd1 Qa5 17. b3 Bd4 18. Kh1 Bxe3 19. Qxe3 Qc5 20. Qd2 Qg5 21. Nd5 Qxd2 22. Rxd2 Rfe8 23. Rcd1 Kg7 24. Kg1 Rb8 25. Nb6 Nc5 26. Kf2 g5 27. Ke3 a5 28. g3 h6 29. Bf1 h5 30. Be2 Rh8 31. Rd5 f6 32. f4 g4 33. Rh1 Rbg8 34. h4 Rd8 35. Rhd1 Nb4 36. R5d2 Nc6 37. Rd5 Kg6 38. Bf1 Nb4 39. R5d2 Nc6 40. Bg2 Rhe8 41. Rd5 Kg7 42. Bh1 Kg6 43. Bg2 Na6 44. Bf1 Nc7 45. R5d2 Na8 46. Na4 b6 47. Bg2 Rc8 48. Nc3 Rf8 49. Nb5 Nc7 50. e5 Nxb5 51. cxb5 Nxe5 52. fxe5 dxe5 53. Bc6 f5 54. Rd5 Kf6 55. Rf1 Rfd8 56. Rfd1 Rxd5 57. Rxd5 Rc7 58. Rd8 e6 59. Rb8 f4+ 60. gxf4 g3 61. fxe5+ Kxe5 62. Rg8 1-0

[Event "Hofheim Spring op-A 4th"]
[Site "Hofheim"]
[Date "2016.04.02"]
[Round "9"]
[White "Tran, Thanh Kien"]
[Black "Gries, Volker"]
[Result "1/2-1/2"]
[WhiteElo "2126"]
[BlackElo "2066"]
[PlyCount "27"]
[EventDate "2016.03.29"]
[EventType "swiss"]
[EventRounds "9"]
[EventCountry "GER"]
[SourceTitle "EXT 2017"]
[Source "ChessBase"]
[SourceDate "2016.10.25"]
[SourceVersion "1"]
[SourceVersionDate "2016.10.25"]
[SourceQuality "1"]

1. d4 Nf6 2. c4 g6 3. Nc3 Bg7 4. e4 d6 5. Nf3 0-0 6. Be2 e5 7. Be3 exd4 8. Nxd4 Re8 9. f3 Nc6 10. 0-0 Nh5 11. Qd2 Nf4 12. Nxc6 Nxe2+ 13. Nxe2 bxc6 14. Rad1 1/2-1/2

[Event "Hofheim Spring op-A 4th"]
[Site "Hofheim"]
[Date "2016.03.31"]
[Round "4"]
[White "Huschens, Matthias"]
[Black "Gries, Volker"]
[Result "0-1"]
[WhiteElo "1929"]
[BlackElo "2066"]
[PlyCount "104"]
[EventDate "2016.03.29"]
[EventType "swiss"]
[EventRounds "9"]
[EventCountry "GER"]
[SourceTitle "CBM 171 Extra"]
[Source "ChessBase"]
[SourceDate "2016.04.26"]
[SourceVersion "1"]
[SourceVersionDate "2016.04.26"]
[SourceQuality "1"]

1. Nf3 Nf6 2. d4 g6 3. c4 Bg7 4. Nc3 0-0 5. e4 d6 6. h3 e5 7. d5 a5 8. g4 Na6 9. Be3 Nc5 10. Nd2 Bd7 11. Be2 c6 12. g5 Ne8 13. h4 cxd5 14. cxd5 f5 15. f3 a4 16. Qc2 Rc8 17. h5 Rf7 18. b4 axb3 19. axb3 Bf8 20. hxg6 hxg6 21. Qb2 Qc7 22. Na4 Bxa4 23. bxa4 Rh7 24. Rxh7 Qxh7 25. exf5 gxf5 26. Nc4 Qh1+ 27. Kf2 Qh4+ 28. Kg2 f4 29. Bxc5 Qg3+ 30. Kf1 Rxc5 31. Rc1 Rc7 32. Qb6 e4 33. Qf2 Qxg5 34. Qg2 Qxg2+ 35. Kxg2 e3 36. Rb1 Nf6 37. Rb5 Nd7 38. Kh3 Nc5 39. Kg4 Nxa4 40. Rb3 b5 41. Na3 Rc3 42. Rxb5 Rxa3 43. Ra5 Ra2 44. Kxf4 Bh6+ 45. Kg3 Nc3 46. Rxa2 Nxa2 47. f4 Nc3 48. Bg4 e2 49. Kf2 Bxf4 50. Bxe2 Nxe2 51. Kxe2 Kf7 52. Kf3 Bc1 0-1